Finansovyje resursy social'nogo obespečenija

Guardado en:
Detalles Bibliográficos
Autor principal: Čechutova, Valentina Serafinovna
Otros Autores: Mit'kina, Tat'jana Vasil'jevna
Formato: Libro
Lenguaje:ruso
Publicado: Moskva Finansy i statistika 1986
Etiquetas: Agregar Etiqueta
Sin Etiquetas, Sea el primero en etiquetar este registro!

MARC

LEADER 00000nam a2200000 4500
001 c103415
005 20041019155129.2
041 0 |a rus 
044 |a RU 
245 1 0 |a Finansovyje resursy social'nogo obespečenija  |c Valentina Serafinovna Čechutova, Tat'jana Vasil'jevna Mit'kina 
264 1 |a Moskva  |b Finansy i statistika  |c 1986 
300 |a 109 s. 
100 1 |a Čechutova, Valentina Serafinovna 
700 1 |a Mit'kina, Tat'jana Vasil'jevna